| 000 | 00440nam a2200169 4500 | ||
|---|---|---|---|
| 003 | SEACOMEC | ||
| 005 | 20240209144958.0 | ||
| 008 | 240209b |||||||| |||| 00| 0 eng d | ||
| 020 | _cRs.115.00 | ||
| 040 | _aSEACOMEC | ||
| 082 |
_a620.0284 _bJ26 |
||
| 100 | _aJalgaonkar,R.V. | ||
| 245 | 1 |
_aBasic instrumentation _cR.V. Jalgaonkar |
|
| 260 |
_aPune _bEverest _c1999 |
||
| 650 | _aTechnology,Engineering and allied operations | ||
| 942 | _cBOOK | ||
| 999 |
_c611 _d611 |
||